Statistics for Animals beginning with the letter N (pictures)

Click here to take the quiz!

General Stats

  • This quiz has been taken 124 times
  • The average score is 3 of 6

Answer Stats

Answer% Correct
Newt
89%
Narwhal
86%
Nautilus
49%
Nutria
40%
Numbat
38%
Needlefish
26%

Score Distribution

Percentile by Number Answered

Percent of People with Each Score

Your Score History

You have not taken this quiz